000 00740nam a2200181Ia 4500
008 151202s9999||||xx |||||||||||||| ||und||
082 _bPNVM-49034
100 _aपांडे सुरुचि.
245 _aस्वामी विवेकानंद चित्रमय चरित्र.
260 _b"रामकृष्ण मठ,नागपुर."
260 _c2011
300 _a0
600 _aपांडे सुरुचि.
630 _aस्वामी विवेकानंद चित्रमय चरित्र.
700 _aपांडे सुरुचि.
730 _aस्वामी विवेकानंद चित्रमय चरित्र.
942 _cBOOK
999 _c1314931
_d1314928